Statistics for All Diseases - Pulmonology

Click here to take the quiz!

General Stats

  • This quiz has been taken 14 times
    (9 since last reset)
  • The average score is 7 of 97

Answer Stats

HintAnswer% Correct
Obstructive DiseasesAsthma
100%
Obstructive DiseasesCOPD
86%
Cystic FibrosisCystic Fibrosis
57%
Restrictive Lung DiseasesInterstitial Lung Disease
57%
Pulmo-Vascular DiseasesPulmonary Embolism
43%
Environmental Lung DiseaseInorganic DustAsbestosis
29%
Lung InfectionsOtherBronchiectasis
29%
Pleura and MediastinumChylothorax
29%
Pleura and MediastinumHemothorax
29%
Lung TransplantationLung Transplantation
29%
Sleep ApneaObstructive Sleep Apnea
29%
Restrictive Lung DiseasesILD associated with Connective Tissue DisordersSystemic Lupus Erythematosus
29%
Pleura and MediastinumTension Pneumothorax
29%
Sleep ApneaCentral Sleep Apnea
14%
Lung InfectionsHemophilus influenzae
14%
Lung InfectionsHospital Acquired Pneumonia
14%
Lung InfectionsMycoplasma pneumoniae
14%
Ventilation DisordersObesity-Hypoventilation Syndrome
14%
Restrictive Lung DiseasesRheumatoid Arthritis
14%
Environmental Lung DiseaseSilicosis
14%
Lung InfectionsPneumoniaCommunity Acquired PneumoniaStreptococcus pneumoniae
14%
Pleura and MediastinumTraumatic Pneumothorax
14%
Eosinophilic PneumonitisAcute Eosinophilic Pneumonia
0%
Restrictive Lung DiseasesAcute Interstitial Pneumonia (AIP)
0%
Pleura and MediastinumAcute Mediastinitis
0%
Eosinophilic PneumonitisPulmonary Infiltrates with EosinophiliaAllergic Bronchopulmonary Mycoses
0%
Ventilation DisordersHyperventilationAlveolar Hyperventilation
0%
Pleura and MediastinumAsbestos Pleural Effusion
0%
Lung InfectionsAtypical Pneumonia
0%
Restrictive Lung DiseasesBenign Lymphocytic angiitis and granulomatosis
0%
Restrictive Lung DiseasesBronchocentric Granulomatosis
0%
Environmental Lung DiseaseOrganic DustByssinosis
0%
Ventilation DisordersCardiovascular Disorders
0%
Lung InfectionsChlamydia pneumoniae
0%
Environmental Lung DiseaseChronic Beryllium Disease (CBD)
0%
Eosinophilic PneumonitisChronic Eosinophilic Pneumonia
0%
Ventilation DisordersHypoventilation SyndromesChronic Hypoventilation
0%
Pleura and MediastinumChronic Mediastinitis
0%
Environmental Lung DiseaseCoal Worker's Pneumoconiosis (CWP)
0%
Restrictive Lung DiseasesCryptogenic Organizing Pneumonia
0%
Pulmo-Vascular DiseasesDeep Venous Thrombosis
0%
Restrictive Lung DiseasesILD associated with Cigarette smokingDesquamative Interstitial Pneumonia
0%
Restrictive Lung DiseasesDrug InducedDrug Induced
0%
Pleura and MediastinumEffusion secondary to malignancy
0%
Pleura and MediastinumEffusion Secondary to Pulmonary Embolization
0%
Pleura and MediastinumEffusion Secondary to Viral Infection
0%
Eosinophilic PneumonitisEosinophilia–Myalgia Syndrome
0%
Restrictive Lung DiseasesILD with Granulomatous Response in lung tissue or vascular structuresGranulomatous VasculitidesEosinophilic GPA/Granulomatosis with Polyangiitis
0%
Eosinophilic PneumonitisEosinophilic Granulomatosis with Polyangiitis
0%
Restrictive Lung DiseasesOtherEosinophilic Pneumonia
0%
Pleura and MediastinumMiscellaneousEsophageal Rupture
0%
Environmental Lung DiseaseFarmer's Lung
0%
Restrictive Lung DiseasesILD associated with Diffuse Alveolar HemorrhageGoodpasture's Syndrome
0%
Environmental Lung DiseaseGrain Dust
0%
Pleura and MediastinumHepatic Hydrothorax
0%
Eosinophilic PneumonitisHypereosinophilic Syndrome
0%
Eosinophilic PneumonitisHypersensitive Pneumonitis
0%
Ventilation DisordersHypoxemia
0%
Restrictive Lung DiseasesIdiopathic Pulmonary Fibrosis
0%
Pleura and MediastinumInsertion of Central Lines
0%
Pleura and MediastinumIntra-abdominal Abscess
0%
Restrictive Lung DiseasesIsolated Pulmonary Capillaritis
0%
Eosinophilic PneumonitisLoeffler's Syndrome
0%
Lung InfectionsLung Abscess
0%
Restrictive Lung DiseasesILD with Lymphocytic Infiltrative DisordersLymphocytic Interstitial Pneumonitis
0%
Restrictive Lung DiseasesLymphomatoid Granulomatosis
0%
Pleura and MediastinumMediastinumMediastinal Masses
0%
Pleura and MediastinumMeig's Syndrome
0%
Pleura and MediastinumMesothelioma
0%
Ventilation DisordersMetabolic Disorders
0%
Restrictive Lung DiseasesNecrotizing Sarcoid Granulomatosis
0%
Ventilation DisordersNeurologic and Psychogenic
0%
Restrictive Lung DiseasesNonspecific Interstitial Pneumonia (NSIP)
0%
Pleura and MediastinumOvarian Hyperstimulation Syndrome
0%
Pleura and MediastinumPancreatic Disease
0%
Pleura and MediastinumParapneumonic Effusion
0%
Pleura and MediastinumPleural EffusionPleural Effusion due to Heart Failure
0%
Pleura and MediastinumPneumomediastinum
0%
Restrictive Lung DiseasesPolymyositis/Dermatomyositis (PM/DM)
0%
Pleura and MediastinumPost Surgeries
0%
Pleura and MediastinumPost Transplant
0%
Ventilation DisordersPrimary Alveolar Hypoventilation
0%
Pleura and MediastinumPneumothoraxPrimary Spontaneous Pneumothorax
0%
Restrictive Lung DiseasesProgressive Systemic Sclerosis
0%
Restrictive Lung DiseasesPulmonary Alveolar Proteinosis (PAP)
0%
Ventilation DisordersPulmonary Disorders
0%
Restrictive Lung DiseasesPulmonary Langerhans Cell Histiocytosis (PLCH)
0%
Restrictive Lung DiseasesPulmonary Lymphangioleiomyomatosis
0%
Pleura and MediastinumRadiation Therapy
0%
Restrictive Lung DiseasesRespiratory Bronchiolitis with ILD
0%
Ventilation DisordersRespiratory Neuromuscular Disorders
0%
Pleura and MediastinumSecondary Pneumothorax
0%
Restrictive Lung DiseasesSjogren's Syndrome
0%
Lung InfectionsStaphylococcus aureus
0%
Restrictive Lung DiseasesSystemic Vasculitis
0%
Pleura and MediastinumTuberculous Pleuritis
0%
Lung InfectionsHealthcare Associated PneumoniaVentilator Associated Pneumonia
0%

Score Distribution

Percentile by Number Answered

Percent of People with Each Score

Your Score History

You have not taken this quiz since the last reset